Library of the University of Algiers 3
Ibrahim Sultan Cheibout
شعار جامعة الجزائر 3
مكتبة جامعة الجزائر 3
إبراهيم سلطان شيبوط

الأساليب الكمية في التسويق / (رقم التسجيلة. 45589)

تفاصيل مارك
000 -LEADER
fixed length control field 01500nam a2200217Ia 4500
003 - CONTROL NUMBER IDENTIFIER
control field Ost
005 - DATE AND TIME OF LATEST TRANSACTION
control field 20260507075650.0
008 - FIXED-LENGTH DATA ELEMENTS--GENERAL INFORMATION
fixed length control field 260507s9999||||xx |||||||||||||| ||und||
040 ## - CATALOGING SOURCE
Transcribing agency fsecg
041 ## - LANGUAGE CODE
Language code of text/sound track or separate title ara
082 ## - DEWEY DECIMAL CLASSIFICATION NUMBER
Classification number 658.8
100 ## - MAIN ENTRY--PERSONAL NAME
Personal name الفضل، مؤيد عبد الحسين
Relator term مؤلف
245 #0 - TITLE STATEMENT
Title الأساليب الكمية في التسويق /
Statement of responsibility, etc. مؤيد عبد الحسين الفضل
260 ## - PUBLICATION, DISTRIBUTION, ETC.
Place of publication, distribution, etc. عمان:
Name of publisher, distributor, etc. دار وائل للنشر,
Date of publication, distribution, etc. 2004
300 ## - PHYSICAL DESCRIPTION
Extent 477 صفحة؛
Other physical details إيضاحات ؛
Dimensions 24 سم
520 ## - SUMMARY, ETC.
Summary, etc. مفاهيم عامة في التسويق والأساليب الكمية والتطرق الى الاساليب الكمية في التسعير مع تناول التنبؤ بالمبيعات و تحديد الحصة السوقية للمنشأة ،و الأساليب الكمية في التوزيع و تحليل القرارات التسويقية و دراستها وفق نظرية لقرار مع تناول الأساليب الكمية في الترويج و الهيمنة على السوق و كذا تسويق السلع و الخدمات باعتماد اسلوب خطوط الانتظار و التطرق الى المنهج الكمي في دراسة سلوك المستهلك و أخيرا إستخدام البرمجة الخطية في معالجة المشاكل.
653 ## - INDEX TERM--UNCONTROLLED
Uncontrolled term الأساليب الكمية
653 ## - INDEX TERM--UNCONTROLLED
Uncontrolled term التسويق
700 ## - ADDED ENTRY--PERSONAL NAME
Personal name علي عبد الرضا الجياشي
Relator term مؤلف ثانوي
942 ## - ADDED ENTRY ELEMENTS (KOHA)
Koha item type كتب

لا توجد مواد متاحة.

موارد الويب المفتوحة


© University of Algiers 3 All Rights Reserved
|
Implemented by LECHELAH Riad